MARC

LEADER 00000nas a2200000 a 4500
001 ssj0000915
003 WaSeSS
005 20200512172242.0
006 m d
007 cr n
008 020425c19909999enkqr pss 0 0eng c
010 |a  2002238371 
015 |a GBA604850  |2 bnb 
016 7 |a 013356443  |2 Uk 
016 7 |a 013356443 
022 |a 1469-9311  |l 0959-6410  |y 0959-6410 
035 |a (WaSeSS)ssj0000915 
040 |a IUL  |b eng  |c IUL  |d OCLCQ  |d UKMGB  |d OCLCQ  |d OCLCF  |d OCLCO  |d OCL  |d OCLCQ  |d LEATE  |d NLE  |d F#A  |d AU@  |d VT2  |d WaSeSS 
042 |a pcc 
043 |a f------ 
130 0 |a Islam and Christian Muslim relations (Online) 
245 1 0 |a Islam and Christian Muslim relations  |h [electronic resource]. 
246 3 |a Islam & Christian Muslim relations 
260 |a [London] :  |b Carfax 
310 |a Quarterly,  |b 2001- 
321 |a Three times a year,  |b -2000 
362 1 |a Print began with vol. 1, no. 1 (June 1990). 
506 |a License restrictions may limit access. 
538 |a Mode of access: World Wide Web. 
588 |a Description based on: Vol. 11, no. 1 (Mar. 2000); title from introductory page, viewed Apr. 25, 2002. 
588 |a Latest issue consulted: Vol. 13, no. 2 (Apr. 2002). 
650 0 |a Islam  |v Periodicals. 
650 0 |a Islam  |x Relations  |x Christianity  |v Periodicals. 
650 0 |a Christianity and other religions  |x Islam  |v Periodicals. 
650 7 |a Christianity.  |2 fast  |0 (OCoLC)fst00859599 
650 7 |a Interfaith relations.  |2 fast  |0 (OCoLC)fst01353343 
650 7 |a Islam.  |2 fast  |0 (OCoLC)fst00979776 
655 0 |a Electronic journals. 
710 2 |a Centre for the Study of Islam and Christian-Muslim Relations (Birmingham, England) 
776 1 |t Islam & Christian Muslim relations  |x 0959-6410  |w (DLC) 90649712  |w (OCoLC)22222987 
780 0 0 |t Bulletin on Islam and Christian-Muslim relations in Africa 
853 2 0 |8 1  |a v.  |b no.  |u 4  |v r  |i (year)  |j (month)  |w q  |x 01  |y pm01,04,07,10 
856 4 0 |z Full text available from Research Library: 03/01/1998 to 10/31/2000  |u https://search.proquest.com/publication/33674 
863 4 1 |8 1.1  |a 12  |b 1  |i 2001  |j 01